000 00928nam a2200265Ia 4500
003 OSt
005 20221005112809.0
006 a|||||r|||| 00| 0
007 ta
008 221004b |||||||| |||| 00| 0 pan d
020 _a9788182991422 (hbk)
_cINR 295.00
024 _a39019
037 _b1027, 12/03/2018, H.K. Prakashan
_cTextual
040 _aCRL
_cCRL
_bpan
041 _2pan
_apan
082 _aO153,3NKUx, Q7
100 _aਕੁੰਜਾਰੀ, ਸੁਰਜੀਤ, ਂਚ.
245 0 _aਰਾਵਣ ਲੀਲਾ
260 _aਦਿੱਲੀ
_bਆਰਸੀ ਪਬਲੀFਰਗ਼ ਭਾਰਤ
_c2017
300 _a167ਪ0
_ccm.
650 _a ਪੰਜਾਬੀ ਕਹਾਣੀ
650 _aਪੰਜਾਬੀ ਸਾਹਿਤ
942 _hO153,3NKUx, Q7
_cTEXL
_2cc
999 _c1026004
_d1026004